000 00276nam a22001217a 4500
008 170922b xxu||||| |||| 00| 0 eng d
041 _aeng
080 _a37
100 _a46
101 _aEDU
245 _aDEVELIPMENTAL TASKS AND EDUCATION
_cHAVIGHURST,R.J
942 _2udc
_cBK
999 _c29001
_d29001